Largest Settlements in the Southern Hemisphere by Latitude - Statistics

General Stats
  • This quiz has been taken 4 times
  • The average score is 29 of 56
Answer Stats
Latitude Population Hint Answer % Correct
36°S 1,794,400 New Zealand Auckland
100%
15°S 3,548,438 Brazil Brasília
100%
27°S 2,780,063 Australia Brisbane
100%
34°S 16,366,641 Argentina Buenos Aires
100%
17°S 1,603,201 Zimbabwe Harare
100%
6°S 32,594,159 Indonesia Jakarta
100%
11°S 11,283,787 Peru Lima
100%
12°S 11,283,787 Peru Lima
100%
37°S 5,350,705 Australia Melbourne
100%
1°S 4,828,000 Kenya Nairobi
100%
0°S 2,889,703 Ecuador Quito
100%
22°S 13,930,000 Brazil Rio de Janeiro
100%
23°S 21,518,955 Brazil São Paulo
100%
18°S 2,300,000 Madagascar Antananarivo
75%
19°S 6,351,680 Brazil Belo Horizonte
75%
43°S 556,500 New Zealand Christchurch
75%
31°S 2,156,788 Argentina Córdoba
75%
29°S 4,239,901 South Africa Durban
75%
3°S 3,903,945 Brazil Fortaleza
75%
2°S 3,193,267 Ecuador Guayaquil
75%
26°S 6,198,000 South Africa Johannesburg
75%
4°S 17,778,500 D.R. Congo Kinshasa
75%
13°S 1,122,000 Malawi Lilongwe
75%
8°S 8,816,297 Angola Luanda
75%
30°S 4,167,025 Brazil Porto Alegre
75%
33°S 6,903,479 Chile Santiago
75%
41°S 433,900 New Zealand Wellington
75%
35°S 473,855 Australia Canberra
50%
28°S 750,997 Australia Gold Coast
50%
42°S 254,930 Australia Hobart
50%
25°S 4,040,315 South Africa Pretoria
50%
32°S 1,613,041 Argentina Rosario
50%
24°S 627,704 Argentina Salta
50%
54°S 82,615 Argentina Ushuaia
50%
10°S 664,908 Brazil Aracaju
25%
16°S 2,890,418 Brazil Goiânia
25%
5°S 2,795,639 Indonesia Makassar
25%
38°S 682,605 Argentina Mar del Plata
25%
51°S 115,524 Argentina Río Gallegos
25%
20°S 1,880,828 Brazil Vitória
25%
46°S 56,310 Argentina Caleta Olivia
0%
52°S 693 Chile Cerro Sombrero
0%
45°S 201,854 Argentina Comodoro Rivadavia
0%
50°S 22,844 Argentina El Calafate
0%
48°S 5,343 Argentina Gobernador Gregores
0%
14°S 890,384 Angola Lubango
0%
9°S 994,464 Brazil Maceió
0%
7°S 3,061,970 Indonesia Malang
0%
40°S 182,338 Chile Osorno
0%
47°S 16,747 Argentina Puerto Deseado
0%
49°S 12,493 Argentina Puerto San Julián
0%
55°S 22 Chile Puerto Toro
0%
53°S 132,363 Chile Punta Arenas
0%
21°S 1,178,910 Brazil Ribeirão Preto
0%
44°S 29,300 New Zealand Timaru
0%
39°S 129,952 Chile Valdivia
0%
No matching quizzes found
Score Distribution
Percent of People with Each Score
Percentile by Number Answered
Your Score History
You have not taken this quiz